[Event "Faxe Dags EMT 2013"]
[Site "Faxe"]
[Date "2013.04.17"]
[Round "3"]
[White "Refsgaard, Kaj"]
[Black "Christoffersen, Per"]
[Result "1-0"]
[WhiteElo "1629"]
[BlackElo "1646"]
[PlyCount "99"]
[EventDate "2013.??.??"]

1. Nf3 d5 2. g3 c6 3. Bg2 Bf5 4. d3 Nf6 5. O-O e6 6. Nbd2 Nbd7 7. c4 Bb4 8.
cxd5 exd5 9. Qb3 Qb6 10. a3 Bd6 11. Qxb6 axb6 12. Re1 Bg4 13. e4 dxe4 14. Nxe4
Nxe4 15. Rxe4+ Be6 16. Ng5 Nc5 17. Re3 O-O 18. d4 Nb3 19. Rb1 Nxd4 20. Rd3 Nb5
21. Nxe6 fxe6 22. Be3 Bc7 23. Rbd1 Rfd8 24. Bh3 Kf7 25. Rd7+ Rxd7 26. Rxd7+ Kf6
27. Bf1 Be5 28. Rxb7 Bxb2 29. Rxb6 Bxa3 30. Rxc6 Nd6 31. Bd4+ e5 32. Be3 g5 33.
Bg2 Rb8 34. Bf3 Kf5 35. g4+ Kf6 36. Kg2 h6 37. Bb6 Ke6 38. Bc7 Rb3 39. Ra6 Rc3
40. Ba5 Rb3 41. Be4 Bc5 42. Bc7 Rb2 43. Bxd6 Bxd6 44. Kg3 Rb8 45. Bf5+ Kd5 46.
f3 e4+ 47. Kf2 exf3 48. Kxf3 Rb3+ 49. Kg2 Rg3+ 50. hxg3 1-0

[Event "Faxe Dags EMT 2013"]
[Site "Faxe"]
[Date "2013.04.17"]
[Round "3"]
[White "Hansen, Borge"]
[Black "Hansen, Aage"]
[Result "1/2-1/2"]
[WhiteElo "1478"]
[BlackElo "1606"]
[PlyCount "80"]
[EventDate "2013.??.??"]

1. d4 d5 2. c4 e5 3. dxe5 d4 4. e3 c5 5. Nf3 Nc6 6. a3 a5 7. b3 Bg4 8. Be2 Bxf3
9. Bxf3 Rc8 10. O-O Nge7 11. Re1 Rc7 12. Bb2 g6 13. exd4 cxd4 14. Nd2 Bg7 15.
Bxc6+ Nxc6 16. f4 O-O 17. Nf3 Rd7 18. Qd3 Qb6 19. Rad1 Rfd8 20. Kh1 Bf8 21. Re4
Bc5 22. Ng5 Re7 23. Qh3 h5 24. Qd3 Kg7 25. Nf3 Kf8 26. Ng5 Kg7 27. Re2 Qc7 28.
Ne4 b6 29. Nf6 Qc8 30. Nd5 Re6 31. Qg3 Ne7 32. Nxe7 Rxe7 33. Rd3 Qf5 34. Qf3
Qe6 35. h3 Red7 36. Red2 Qe7 37. a4 Qe6 38. Qf2 Bb4 39. Rd1 Qf5 40. Qf3 Bc5
1/2-1/2

[Event "Faxe Dags EMT 2013"]
[Site "Faxe"]
[Date "2013.04.17"]
[Round "3"]
[White "Sorensen, Lindved"]
[Black "Christoffersen, Ib"]
[Result "1-0"]
[WhiteElo "1522"]
[BlackElo "1441"]
[PlyCount "61"]
[EventDate "2013.??.??"]

1. Nf3 d5 2. c4 d4 3. e3 dxe3 4. fxe3 Bg4 5. Be2 e6 6. O-O Nc6 7. d4 Nf6 8. Nc3
Be7 9. d5 Nb8 10. Qb3 Qc8 11. Ne5 Bxe2 12. Nxe2 O-O 13. Nf4 Bd6 14. Nfd3 exd5
15. cxd5 Nbd7 16. Nxd7 Nxd7 17. e4 b6 18. Bf4 Qe8 19. Bxd6 cxd6 20. Qb4 Qe7 21.
Rae1 a5 22. Qa3 b5 23. Qb3 Rab8 24. Qc3 b4 25. Qc7 Ra8 26. e5 Rfd8 27. exd6 Qh4
28. Re7 Qd4+ 29. Nf2 Ne5 30. Re1 Nd3 31. Qxd8+ 1-0

[Event "Faxe Dags EMT 2013"]
[Site "Faxe"]
[Date "2013.04.17"]
[Round "3"]
[White "Wehlast, Svend Erik"]
[Black "Nielsen, Flemming"]
[Result "1-0"]
[WhiteElo "1498"]
[BlackElo "1361"]
[PlyCount "107"]
[EventDate "2013.??.??"]

1. d4 Nf6 2. c4 e6 3. a3 d5 4. c5 Nc6 5. Nc3 Be7 6. b4 O-O 7. Nf3 a6 8. h3 Ne4
9. Qc2 f5 10. Bf4 Bg5 11. g3 Bf6 12. e3 Re8 13. Nxe4 fxe4 14. Ne5 Ne7 15. h4
Nf5 16. Be2 c6 17. a4 Re7 18. a5 Bxe5 19. Bxe5 Bd7 20. g4 Nh6 21. Bd6 Rf7 22.
Bf4 Qf8 23. Kd2 Rxf4 24. exf4 Qxf4+ 25. Kc3 e5 26. dxe5 Qxe5+ 27. Kb3 Be6 28.
Rae1 d4+ 29. Bc4 Nxg4 30. Rxe4 Bxc4+ 31. Qxc4+ Qd5 32. Rxg4 Rd8 33. Rhg1 g6 34.
h5 Kg7 35. hxg6 Qf3+ 36. Ka4 h6 37. Qf7+ Qxf7 38. gxf7+ Kxf7 39. Rd1 d3 40. Rd2
Kf6 41. Rg3 Ke5 42. Rgxd3 Rf8 43. Re3+ Kf4 44. Rd4+ Kg5 45. Rg3+ Kh5 46. Rh3+
Kg5 47. f4+ Kg6 48. Rd6+ Kg7 49. Rhxh6 Rxf4 50. Rh3 Rf7 51. Rhd3 Kf8 52. Rd8+
Kg7 53. R8d7 Kf8 54. Rxf7+ 1-0

[Event "Faxe Dags EMT 2013"]
[Site "Faxe"]
[Date "2013.04.17"]
[Round "3"]
[White "Adrian, Michael"]
[Black "Toftvang, Ove"]
[Result "1-0"]
[WhiteElo "1325"]
[BlackElo "1255"]
[PlyCount "73"]
[EventDate "2013.??.??"]

1. e4 e5 2. Nf3 Nc6 3. Bc4 h6 4. Nc3 Nf6 5. d3 Be7 6. Nd5 a6 7. a3 b5 8. Ba2 d6
9. h3 O-O 10. Be3 Nh7 11. Qe2 Kh8 12. O-O-O Na7 13. Rdg1 c5 14. g4 f6 15. Nh4
c4 16. Ng6+ Kg8 17. Ndxe7+ Kf7 18. Nxc8 Nxc8 19. Nxf8 Kxf8 20. dxc4 Qd7 21.
cxb5 axb5 22. Qd2 Ke7 23. Bb3 Nf8 24. Qd5 Ra6 25. Qf7+ Kd8 26. Qxf8+ Kc7 27.
Qf7 Ne7 28. Rd1 Kb8 29. Rd2 Qd8 30. Rhd1 d5 31. Bxd5 Rd6 32. Bc5 Kc7 33. Bxd6+
Qxd6 34. Bb3 Qc5 35. Rd7+ Kb8 36. Rxe7 Qxf2 37. Qf8# 1-0

[Event "Faxe Dags EMT 2013"]
[Site "Faxe"]
[Date "2013.04.17"]
[Round "3"]
[White "Andersen, Hans Poul"]
[Black "Jakobsen, Henning"]
[Result "1-0"]
[WhiteElo "1236"]
[BlackElo "1295"]
[PlyCount "111"]
[EventDate "2013.??.??"]

1. e4 d6 2. d4 Nf6 3. Nc3 g6 4. h3 Nc6 5. Nf3 Bg7 6. Be2 O-O 7. O-O Nd7 8. Bb5
e5 9. Bxc6 bxc6 10. d5 cxd5 11. Nxd5 Nc5 12. Nc3 Bb7 13. Re1 h6 14. b4 Ne6 15.
a3 f5 16. Bb2 f4 17. Qd3 Ng5 18. Qc4+ Kh7 19. Nxg5+ Qxg5 20. f3 Qd8 21. b5 a6
22. a4 a5 23. Ba3 Rc8 24. Qd3 Rf6 25. Nd5 Bxd5 26. Qxd5 h5 27. Qd3 c5 28. c4 g5
29. Red1 Qb6 30. Bb2 Rg6 31. Qd5 Qd8 32. Bc3 g4 33. fxg4 hxg4 34. hxg4 Rxg4 35.
Be1 f3 36. Ra2 Qg5 37. Qd2 Rxg2+ 38. Qxg2 fxg2 39. Rxg2 Qe3+ 40. Bf2 Qxe4 41.
Rh2+ Kg8 42. Rxd6 Qxc4 43. Rh4 Qc1+ 44. Kh2 Qc2 45. Kg3 e4 46. Rg4 Qb3+ 47. Kh4
Qf3 48. Bg3 Kh7 49. Rd7 Kh6 50. Bf4+ Kh7 51. Rgxg7+ Kh8 52. Rh7+ Kg8 53. Rdg7+
Kf8 54. Bd6+ Ke8 55. Re7+ Kd8 56. Rh8+ 1-0

[Event "Faxe Dags EMT 2013"]
[Site "Faxe"]
[Date "2013.04.17"]
[Round "3"]
[White "Hansen, Arne Mandrup"]
[Black "Eriksen, Knud Ejler"]
[Result "1-0"]
[WhiteElo "1276"]
[BlackElo "1203"]
[PlyCount "145"]
[EventDate "2013.??.??"]

1. d4 Nf6 2. c4 e6 3. g3 h6 4. Bg2 c6 5. Nf3 Be7 6. O-O O-O 7. Nc3 d5 8. Qa4
Nbd7 9. c5 Re8 10. b4 Nf8 11. Ne5 N6d7 12. f4 f6 13. Nf3 b6 14. Qxc6 Ba6 15.
Qa4 Bb7 16. Qc2 f5 17. a4 a6 18. a5 b5 19. e3 Bc6 20. Ne2 Nf6 21. Ne5 Bb7 22.
Bb2 Rc8 23. Rfb1 Bd6 24. Nf3 Ng4 25. Qd2 Bb8 26. Bc1 Nf6 27. Ne5 Re7 28. Kh1
Qe8 29. Bf3 g6 30. Ng1 Rg7 31. Qg2 g5 32. Bb2 g4 33. Be2 h5 34. h4 gxh3 35.
Nxh3 Ne4 36. Ng5 Nxg5 37. fxg5 Rxg5 38. Rg1 Bxe5 39. dxe5 h4 40. g4 Rc7 41.
Raf1 d4 42. Bf3 Bxf3 43. Qxf3 Rcg7 44. gxf5 Rg3 45. Rxg3 Rxg3 46. Rg1 Rxg1+ 47.
Kxg1 dxe3 48. Qxe3 Qh5 49. Bc1 Qg4+ 50. Kh2 Qxf5 51. Qg5+ Qxg5 52. Bxg5 Ng6 53.
Bf6 Kf7 54. Kh3 Ke8 55. Bxh4 Nxh4 56. Kxh4 Kd8 57. Kg5 Kc7 58. Kf6 Kd7 59. c6+
Kxc6 60. Kxe6 Kc7 61. Ke7 Kc6 62. e6 Kd5 63. Kf7 Kc4 64. e7 Kxb4 65. e8=Q Kxa5
66. Qe2 b4 67. Qa2+ Kb5 68. Qb3 a5 69. Ke6 a4 70. Qd5+ Ka6 71. Qc6+ Ka5 72. Kd5
a3 73. Kc5 1-0

[Event "Faxe Dags EMT 2013"]
[Site "Faxe"]
[Date "2013.05.01"]
[Round "4"]
[White "Pedersen, Hans Dahl"]
[Black "Andersen, Bjarne Hjorth"]
[Result "1/2-1/2"]
[WhiteElo "2133"]
[BlackElo "1950"]
[PlyCount "105"]
[EventDate "2013.??.??"]

1. c4 Nf6 2. g3 g6 3. Bg2 Bg7 4. Nc3 c5 5. Nf3 Nc6 6. d4 cxd4 7. Nxd4 O-O 8.
O-O Nxd4 9. Qxd4 d6 10. Qd3 Rb8 11. Be3 b6 12. Bd4 Bb7 13. e4 Qd7 14. Rad1 Rfc8
15. b3 Bc6 16. a4 a6 17. Rfe1 b5 18. cxb5 axb5 19. e5 dxe5 20. Bxc6 Qxd4 21.
axb5 e6 22. Qxd4 exd4 23. Rxd4 Ne8 24. Rd3 Nc7 25. Red1 Bxc3 26. Rxc3 Nxb5 27.
Rcc1 Rb6 28. Bxb5 Rxc1 29. Rxc1 Rxb5 30. Rc3 Kf8 31. Kf1 Ke7 32. Ke2 Kd6 33.
Kd2 Rh5 34. h4 g5 35. hxg5 Rxg5 36. Rf3 f5 37. Rf4 e5 38. Rh4 Rg7 39. Kd3 Kd5
40. Ra4 Rb7 41. Ra5+ Kd6 42. Kc4 Rc7+ 43. Kd3 Rb7 44. Kc3 Rc7+ 45. Kb2 Rb7 46.
f3 Rg7 47. Ra6+ Kd5 48. Rf6 Rxg3 49. Rxf5 Kd6 50. Rf8 Ke7 51. Rf5 Ke6 52. Rf8
Ke7 53. Rf5 1/2-1/2

[Event "Faxe Dags EMT 2013"]
[Site "Faxe"]
[Date "2013.05.01"]
[Round "4"]
[White "Lindskov, Villy"]
[Black "Jensen, Leif"]
[Result "1/2-1/2"]
[WhiteElo "1785"]
[BlackElo "1984"]
[PlyCount "66"]
[EventDate "2013.??.??"]

1. e4 e6 2. d4 d5 3. Nd2 dxe4 4. Nxe4 Nd7 5. Nf3 Ngf6 6. Nxf6+ Nxf6 7. Bd3 c5
8. dxc5 Bxc5 9. O-O O-O 10. Qe2 h6 11. c3 Qc7 12. h3 b6 13. Ne5 Bb7 14. Bf4 Qe7
15. Ng4 Rfd8 16. Rad1 Nxg4 17. Qxg4 Qf6 18. Qg3 Rac8 19. Bb1 Be7 20. Rfe1 Qh4
21. Qxh4 Bxh4 22. Bc2 Bc6 23. Rxd8+ Rxd8 24. Rd1 Kf8 25. Rxd8+ Bxd8 26. Bd3 a5
27. a3 Ke7 28. Kf1 Kd7 29. f3 Be7 30. Ke2 Bc5 31. Be3 Bxe3 32. Kxe3 Kd6 33. b4
e5 1/2-1/2

[Event "Faxe Dags EMT 2013"]
[Site "Faxe"]
[Date "2013.04.24"]
[Round "4"]
[White "Sorensen, Lindved"]
[Black "Christensen, Lars (1957)"]
[Result "0-1"]
[WhiteElo "1522"]
[BlackElo "1936"]
[PlyCount "45"]
[EventDate "2013.??.??"]

1. Nf3 d5 2. c4 e6 3. b3 d4 4. e3 c5 5. b4 dxe3 6. fxe3 Qf6 7. d4 cxd4 8. Nxd4
Bxb4+ 9. Bd2 Bxd2+ 10. Qxd2 Bd7 11. Nc3 Ne7 12. Rb1 O-O 13. Be2 e5 14. Ndb5 Bc6
15. Nd5 Nxd5 16. cxd5 Rd8 17. Bf3 e4 18. Bxe4 Bxb5 19. Rxb5 Qh4+ 20. Qf2 Qxe4
21. Rxb7 Qxd5 22. Rb1 Qd3 23. Qe2 0-1

[Event "Faxe Dags EMT 2013"]
[Site "Faxe"]
[Date "2013.05.01"]
[Round "4"]
[White "Petersen, Bent"]
[Black "Refsgaard, Kaj"]
[Result "1-0"]
[WhiteElo "1905"]
[BlackElo "1629"]
[PlyCount "55"]
[EventDate "2013.??.??"]

1. d4 d5 2. c4 c6 3. Nf3 Nf6 4. Nc3 g6 5. Bf4 Bg7 6. e3 O-O 7. Bd3 Re8 8. O-O
Nbd7 9. cxd5 Nxd5 10. Bg3 N7f6 11. Rc1 Bg4 12. h3 Bc8 13. a3 Nxc3 14. bxc3 Qa5
15. Qb3 Qh5 16. Ne5 Rf8 17. Rfe1 Qg5 18. Bf4 Qh5 19. Be2 Qf5 20. g4 Qe6 21. Bc4
Nd5 22. e4 Bxe5 23. Bxe5 Qd7 24. exd5 h5 25. dxc6 bxc6 26. Qc2 e6 27. gxh5 gxh5
28. Kh2 1-0

[Event "Faxe Dags EMT 2013"]
[Site "Faxe"]
[Date "2013.05.01"]
[Round "4"]
[White "Eckert, Svend"]
[Black "Rasmussen, Frede"]
[Result "1-0"]
[WhiteElo "1614"]
[BlackElo "1441"]
[PlyCount "43"]
[EventDate "2013.??.??"]

1. c4 d6 2. d4 e6 3. e4 h6 4. Nc3 Nd7 5. Nf3 g5 6. h4 g4 7. Nh2 h5 8. g3 Be7 9.
Bg2 c6 10. O-O Nf8 11. f4 Bxh4 12. gxh4 Qxh4 13. e5 Qe7 14. Ne4 d5 15. cxd5
cxd5 16. Nd6+ Kd7 17. f5 g3 18. f6 gxh2+ 19. Kxh2 Nxf6 20. Rxf6 Rh7 21. Bg5 Ng6
22. Rxf7 1-0

[Event "Faxe Dags EMT 2013"]
[Site "Faxe"]
[Date "2013.05.13"]
[Round "4"]
[White "Hansen, Aage"]
[Black "Wehlast, Svend Erik"]
[Result "1-0"]
[WhiteElo "1606"]
[BlackElo "1498"]
[PlyCount "61"]
[EventDate "2013.??.??"]

1. e4 c6 2. d4 d5 3. Nc3 h6 4. Nf3 Bg4 5. Be2 Bxf3 6. Bxf3 dxe4 7. Nxe4 e6 8.
Be3 Nd7 9. O-O Ngf6 10. c3 Nxe4 11. Bxe4 Nf6 12. Bc2 Be7 13. Qd3 Qc7 14. h3 O-O
15. f4 g6 16. Bb3 Nd5 17. Bd2 Bd6 18. Qf3 Kh7 19. Rae1 Rae8 20. c4 Bb4 21. Bxb4
Nxb4 22. a3 Na6 23. g4 Rd8 24. Qe4 Qb6 25. Bc2 Rxd4 26. Qe3 Rfd8 27. f5 exf5
28. gxf5 g5 29. f6+ Kg8 30. Qe8+ Rxe8 31. Rxe8# 1-0

[Event "Faxe Dags EMT 2013"]
[Site "Faxe"]
[Date "2013.05.01"]
[Round "4"]
[White "Andersen, Hans E"]
[Black "Brinkhard, Anders"]
[Result "1/2-1/2"]
[WhiteElo "1417"]
[BlackElo "1518"]
[PlyCount "129"]
[EventDate "2013.??.??"]

1. e4 e6 2. d4 d5 3. e5 c5 4. c3 Nc6 5. Nf3 Bd7 6. b3 cxd4 7. cxd4 Qb6 8. Be2
Bb4+ 9. Bd2 Bxd2+ 10. Qxd2 Qb4 11. O-O Qxd2 12. Nbxd2 Nge7 13. Bb5 a6 14. Bxc6
Bxc6 15. a4 O-O 16. Rfc1 Rfc8 17. Rc3 Bd7 18. Rac1 Rxc3 19. Rxc3 Rc8 20. Nb1
Rxc3 21. Nxc3 Nc6 22. Kf1 Na5 23. Nd2 Nc6 24. Ne2 Nb4 25. Nc1 b5 26. axb5 Bxb5+
27. Kg1 Nc2 28. Nf3 a5 29. h4 a4 30. bxa4 Bxa4 31. g4 Nb4 32. Kg2 Bd1 33. g5
Nc6 34. Kg3 Bxf3 35. Kxf3 Nxd4+ 36. Kg4 g6 37. Nd3 Nc6 38. Kf4 Ne7 39. Kg4 Nf5
40. h5 gxh5+ 41. Kxh5 Kg7 42. Kg4 h6 43. gxh6+ Nxh6+ 44. Kg5 Nf5 45. f4 Ng3 46.
Kg4 Ne4 47. Nb4 Kg6 48. Nc6 f5+ 49. exf6 Kxf6 50. Nd4 Nd6 51. Kf3 Nf5 52. Ne2
Ke7 53. Nc1 Kd6 54. Nd3 Nd4+ 55. Ke3 Nb3 56. Ne5 Nc5 57. Kd4 Nd7 58. Ng6 Nf6
59. Ne5 Nd7 60. Ng6 Nb8 61. Ne5 Nc6+ 62. Nxc6 Kxc6 63. Ke5 Kd7 64. f5 exf5 65.
Kxd5 1/2-1/2

[Event "Faxe Dags EMT 2013"]
[Site "Faxe"]
[Date "2013.05.01"]
[Round "4"]
[White "Christoffersen, Per"]
[Black "Hansen, Borge"]
[Result "0-1"]
[WhiteElo "1646"]
[BlackElo "1478"]
[PlyCount "68"]
[EventDate "2013.??.??"]

1. d4 d5 2. Nf3 Nf6 3. e3 e6 4. Bd3 Nbd7 5. O-O c5 6. c3 Be7 7. Nbd2 O-O 8. Ne5
Nxe5 9. dxe5 Nd7 10. f4 f6 11. Qh5 f5 12. Rf3 Qe8 13. Qxe8 Rxe8 14. Rh3 g6 15.
Nf3 Nf8 16. c4 dxc4 17. Bxc4 a6 18. Bd2 b5 19. Be2 Bb7 20. Ba5 Bd8 21. Be1 Be7
22. Rc1 Rac8 23. Kf2 Kg7 24. a4 Bc6 25. axb5 axb5 26. Nd2 c4 27. Bf3 Red8 28.
Bxc6 Rxc6 29. e4 Rd4 30. Re3 Ra6 31. g3 Bc5 32. exf5 Rd3 33. f6+ Kf7 34. Rc3
Bxe3+ 0-1

[Event "Faxe Dags EMT 2013"]
[Site "Faxe"]
[Date "2013.05.01"]
[Round "4"]
[White "Kjeldgaard, Lennart"]
[Black "Hansen, Arne Mandrup"]
[Result "1/2-1/2"]
[WhiteElo "1524"]
[BlackElo "1276"]
[PlyCount "67"]
[EventDate "2013.??.??"]

1. e4 d5 2. e5 Bf5 3. d4 e6 4. h4 h6 5. Bd3 Ne7 6. g4 Bxd3 7. Qxd3 Nd7 8. Nc3
c5 9. Nb5 Nc6 10. f4 a6 11. Nd6+ Bxd6 12. exd6 cxd4 13. f5 Nc5 14. Qf3 Qxd6 15.
Bd2 e5 16. O-O-O Ne4 17. Ne2 Nxd2 18. Rxd2 O-O-O 19. Rh3 Kb8 20. Qb3 Rd7 21.
Qa4 Qb4 22. Ra3 Qxa4 23. Rxa4 Rc8 24. c3 dxc3 25. bxc3 Rcc7 26. Rb2 Kc8 27. Rd2
Na7 28. Ra5 d4 29. Rxe5 Nc6 30. Re8+ Nd8 31. Rxd4 Rxd4 32. Nxd4 Rxc3+ 33. Kb2
Rd3 34. Re4 1/2-1/2

[Event "Faxe Dags EMT 2013"]
[Site "Faxe"]
[Date "2013.05.01"]
[Round "4"]
[White "Christoffersen, Ib"]
[Black "Adrian, Michael"]
[Result "1-0"]
[WhiteElo "1441"]
[BlackElo "1325"]
[PlyCount "93"]
[EventDate "2013.??.??"]

1. e4 Nf6 2. e5 Nd5 3. Bc4 e6 4. d4 Nb6 5. Bd3 c5 6. c3 d5 7. Nf3 cxd4 8. cxd4
Nc6 9. O-O Qc7 10. Nc3 a6 11. a3 Bd7 12. Bg5 Be7 13. Qd2 O-O-O 14. Bxe7 Nxe7
15. Ng5 Be8 16. Rac1 Nc6 17. Be2 h6 18. Nf3 Kb8 19. Na2 Qe7 20. b3 f5 21. Ne1
Qg5 22. f4 Qe7 23. a4 g5 24. a5 Na8 25. b4 Na7 26. Nd3 Bb5 27. Nc5 Bxe2 28.
Qxe2 Nb5 29. Qd3 Qf7 30. Nc3 Nac7 31. Rf2 g4 32. g3 h5 33. Rfc2 Rc8 34. N5a4
Na3 35. Ra2 Nc4 36. Nc5 h4 37. Rg2 Rh6 38. N3a4 Na8 39. Rb1 Rch8 40. b5 hxg3
41. Qxg3 Nxa5 42. bxa6 Qe8 43. Qe1 Qd8 44. Nxb7 Nxb7 45. Rxb7+ Kc8 46. Rc2+ Nc7
47. Nb6# 1-0

[Event "Faxe Dags EMT 2013"]
[Site "Faxe"]
[Date "2013.05.01"]
[Round "4"]
[White "Toftvang, Ove"]
[Black "Andersen, Hans Poul"]
[Result "1/2-1/2"]
[WhiteElo "1255"]
[BlackElo "1236"]
[PlyCount "82"]
[EventDate "2013.??.??"]

1. g3 e5 2. Bg2 d5 3. a3 Be6 4. d3 Nf6 5. b3 Nc6 6. Bb2 a6 7. Nf3 Bd6 8. O-O h6
9. h3 O-O 10. d4 e4 11. Ne5 Bxe5 12. dxe5 Nd7 13. f4 Ne7 14. e3 Nf5 15. Kf2 c6
16. Bc1 b5 17. Rh1 f6 18. g4 Nh4 19. exf6 Qxf6 20. Qd4 Nxg2 21. Qxf6 Nxf6 22.
Kxg2 Nh7 23. Bb2 Rf7 24. Bd4 Rc8 25. b4 Bd7 26. Nd2 Nf8 27. f5 Nh7 28. h4 Nf6
29. Kg3 Ne8 30. Raf1 Nd6 31. Rf2 h5 32. Rhf1 hxg4 33. f6 g6 34. Bc5 Nf5+ 35.
Kxg4 Nxe3+ 36. Kg5 Nxf1 37. Nxf1 Kh7 38. Ng3 Rg8 39. Bd4 Be6 40. Ne2 Bf5 41.
Ng3 Be6 1/2-1/2

[Event "Faxe Dags EMT 2013"]
[Site "Faxe"]
[Date "2013.05.01"]
[Round "4"]
[White "Jakobsen, Henning"]
[Black "Eriksen, Knud Ejler"]
[Result "1-0"]
[WhiteElo "1295"]
[BlackElo "1203"]
[PlyCount "187"]
[EventDate "2013.??.??"]

1. d4 d5 2. c4 Nf6 3. Nc3 e6 4. Bg5 c5 5. Nf3 Nc6 6. e3 cxd4 7. Nxd4 Be7 8. Qa4
Bd7 9. Qc2 O-O 10. cxd5 Nxd5 11. Bxe7 Qxe7 12. Nxd5 exd5 13. Nxc6 Bxc6 14. Bd3
Qb4+ 15. Qc3 Qxc3+ 16. bxc3 a6 17. O-O b5 18. Rac1 f5 19. Rfd1 g6 20. Be2 Kg7
21. Bf3 Rad8 22. Rd4 Rf6 23. Bd1 Rfd6 24. Ra1 Kf6 25. a4 h5 26. h3 R8d7 27.
axb5 Bxb5 28. Rf4 g5 29. Rd4 h4 30. f4 Re7 31. Kf2 g4 32. hxg4 fxg4 33. Bxg4
Rc7 34. Ra3 Rg7 35. Bf3 Kf5 36. Rxd5+ Ke6 37. f5+ Kd7 38. f6 Rf7 39. Bg4+ Kc6
40. Rxd6+ Kxd6 41. Ra1 Rxf6+ 42. Bf3 Kc5 43. Ke1 Kb6 44. Rb1 Ka7 45. Rb4 Rh6
46. c4 Bc6 47. Kf2 Rf6 48. Ke2 Bxf3+ 49. gxf3 h3 50. Rb1 Rg6 51. Kd3 a5 52. Rh1
Rh6 53. f4 a4 54. Kc3 h2 55. Kb4 Ra6 56. Ka3 Kb6 57. Rxh2 Kc5 58. Rb2 Kxc4 59.
Rb4+ Kd5 60. Rxa4 Re6 61. Rd4+ Kc5 62. Rd3 Kc4 63. Rb3 Kd5 64. Kb2 Ke4 65. Kc2
Kf5 66. Kd2 Ke4 67. Rb4+ Kf5 68. Kd3 Rd6+ 69. Rd4 Re6 70. Rd5+ Kf6 71. Kd4 Ra6
72. Rc5 Rd6+ 73. Ke4 Ra6 74. Rd5 Re6+ 75. Re5 Ra6 76. Rf5+ Ke6 77. Rg5 Ra4+ 78.
Kf3 Kf6 79. Kg4 Re4 80. Kf3 Rb4 81. Re5 Ra4 82. Kg4 Ra3 83. Re8 Kf7 84. Re4 Kf6
85. f5 Ra5 86. Re6+ Kf7 87. Kg5 Ra8 88. e4 Rg8+ 89. Rg6 Rb8 90. e5 Rb1 91. e6+
Ke7 92. Rg7+ Ke8 93. Kf6 Rb6 94. Rg8# 1-0

[Event "Faxe Dags EMT 2013"]
[Site "Faxe"]
[Date "2013.05.08"]
[Round "5"]
[White "Jensen, Leif"]
[Black "Pedersen, Hans Dahl"]
[Result "1/2-1/2"]
[WhiteElo "1984"]
[BlackElo "2133"]
[PlyCount "27"]
[EventDate "2013.??.??"]

1. e4 c5 2. g3 d5 3. d3 dxe4 4. dxe4 Qxd1+ 5. Kxd1 Nc6 6. c3 Nf6 7. f3 e6 8.
Nh3 Be7 9. Nf2 b6 10. Be3 Bb7 11. Nd2 O-O 12. Kc2 Rac8 13. Rd1 Rfd8 14. Kb1
1/2-1/2

[Event "Faxe Dags EMT 2013"]
[Site "Faxe"]
[Date "2013.05.08"]
[Round "5"]
[White "Andersen, Bjarne Hjorth"]
[Black "Lindskov, Villy"]
[Result "1-0"]
[WhiteElo "1950"]
[BlackElo "1785"]
[PlyCount "55"]
[EventDate "2013.??.??"]

1. e4 e6 2. d4 d5 3. Nd2 dxe4 4. Nxe4 Nd7 5. Bd3 Ngf6 6. Qe2 Nxe4 7. Bxe4 Nf6
8. Bxb7 Bxb7 9. Qb5+ Qd7 10. Qxb7 Qd5 11. Qxd5 exd5 12. Ne2 Bd6 13. O-O O-O 14.
Bf4 Bxf4 15. Nxf4 Rfe8 16. Rfe1 Kf8 17. f3 c6 18. Nd3 Nd7 19. b3 f6 20. Nb4
Rac8 21. Kf2 Kf7 22. Rxe8 Kxe8 23. Re1+ Kf7 24. a4 Nf8 25. Nd3 Ne6 26. c3 Rc7
27. b4 Rb7 28. Rxe6 1-0

[Event "Faxe Dags EMT 2013"]
[Site "Faxe"]
[Date "2013.05.08"]
[Round "5"]
[White "Christensen, Lars (1957)"]
[Black "Petersen, Bent"]
[Result "1-0"]
[WhiteElo "1936"]
[BlackElo "1905"]
[PlyCount "51"]
[EventDate "2013.??.??"]

1. e4 c5 2. b4 cxb4 3. a3 d5 4. axb4 dxe4 5. Nc3 Nf6 6. Bb2 Bf5 7. Bb5+ Nbd7 8.
Nge2 a6 9. Ng3 Bg6 10. h4 h6 11. h5 Bh7 12. Bxd7+ Qxd7 13. b5 e6 14. Qe2 a5 15.
Rh4 Be7 16. Ra4 Nd5 17. Rg4 Bg5 18. Ncxe4 Bxe4 19. Rgxe4 Nf4 20. Rxf4 Bxf4 21.
Bxg7 Bxd2+ 22. Kf1 O-O-O 23. Bxh8 Bb4 24. Bf6 Rg8 25. c3 Bf8 26. Qc4+ 1-0

[Event "Faxe Dags EMT 2013"]
[Site "Faxe"]
[Date "2013.05.08"]
[Round "5"]
[White "Hansen, Borge"]
[Black "Eckert, Svend"]
[Result "0-1"]
[WhiteElo "1478"]
[BlackElo "1614"]
[PlyCount "52"]
[EventDate "2013.??.??"]

1. d4 Nf6 2. c4 e5 3. dxe5 Ne4 4. Nf3 d6 5. e3 Nc6 6. Be2 Bf5 7. a3 dxe5 8. O-O
a5 9. Nbd2 Nc5 10. b3 e4 11. Ne1 Bd6 12. g3 O-O 13. Bg4 Qd7 14. Bxf5 Qxf5 15.
Bb2 Ne5 16. Qc2 Ncd3 17. Bc3 Rfd8 18. Rd1 Bxa3 19. f3 Bc5 20. Ng2 Nxf3+ 21.
Nxf3 exf3 22. Nf4 Bxe3+ 23. Kh1 Nf2+ 24. Rxf2 Qxc2 25. Rxd8+ Rxd8 26. Rxc2 Rd1+
0-1

[Event "Faxe Dags EMT 2013"]
[Site "Faxe"]
[Date "2013.05.08"]
[Round "5"]
[White "Refsgaard, Kaj"]
[Black "Christoffersen, Ib"]
[Result "1-0"]
[WhiteElo "1629"]
[BlackElo "1441"]
[PlyCount "115"]
[EventDate "2013.??.??"]

1. Nf3 d5 2. g3 Nc6 3. d3 Nf6 4. Bg2 e5 5. O-O h6 6. Nbd2 Bd6 7. c4 d4 8. a3
O-O 9. b4 a6 10. c5 Be7 11. Nc4 Nd7 12. Bb2 b5 13. cxb6 cxb6 14. Ncxe5 Bb7 15.
Nxc6 Bxc6 16. Nxd4 Bxg2 17. Kxg2 Bf6 18. Qb3 Bxd4 19. Bxd4 Nf6 20. Qb2 b5 21.
Bxf6 gxf6 22. Kg1 Ra7 23. Qd2 Kg7 24. Rac1 Re8 25. Rc5 Rae7 26. Rh5 Rh8 27. Re1
Rd7 28. Qf4 Rd4 29. Qd2 Qd7 30. Rc1 Kg6 31. Rhc5 Rd6 32. Rc7 Qe6 33. Qe3 Qxe3
34. fxe3 Re6 35. Kf2 Rhe8 36. e4 h5 37. h4 Kg7 38. R1c5 Kg6 39. R7c6 Rxc6 40.
Rxc6 Ra8 41. e5 Kf5 42. Rxf6+ Kxe5 43. Rxf7 a5 44. Rh7 Kd4 45. Rxh5 axb4 46.
axb4 Rb8 47. Rc5 Rf8+ 48. Kg2 Re8 49. e4 Kxd3 50. e5 Ke3 51. g4 Rg8 52. Kh3 Rf8
53. g5 Rf3+ 54. Kg4 Rf4+ 55. Kh5 Rxb4 56. g6 Kf4 57. g7 Kg3 58. g8=Q+ 1-0

[Event "Faxe Dags EMT 2013"]
[Site "Faxe"]
[Date "2013.05.08"]
[Round "5"]
[White "Strandsbjerg, Jens"]
[Black "Andersen, Hans E"]
[Result "0-1"]
[WhiteElo "1612"]
[BlackElo "1417"]
[PlyCount "86"]
[EventDate "2013.??.??"]

1. d4 Nf6 2. c4 d5 3. e3 c6 4. Nc3 Bf5 5. Bd3 e6 6. Bxf5 exf5 7. cxd5 Nxd5 8.
Nxd5 Qxd5 9. Nf3 Qb5 10. a3 Bd6 11. Qe2 Qxe2+ 12. Kxe2 O-O 13. Re1 Nd7 14. g3
Rfe8 15. Kf1 Nf6 16. Nd2 Ne4 17. f3 Nxd2+ 18. Bxd2 Re6 19. e4 fxe4 20. fxe4
Rae8 21. e5 Bc7 22. Bc3 f6 23. exf6 Rxf6+ 24. Kg2 Rfe6 25. Rxe6 Rxe6 26. Re1
Kf7 27. Kf3 g6 28. g4 Rxe1 29. Bxe1 Bxh2 30. Ke4 Ke6 31. Bd2 h5 32. gxh5 gxh5
33. b4 h4 34. a4 h3 35. b5 Bc7 36. Kf3 Kd5 37. bxc6 bxc6 38. Be3 Kc4 39. d5
cxd5 40. Bxa7 Kb4 41. Be3 Kxa4 42. Kf2 Kb5 43. Kg1 Bb6 0-1

[Event "Faxe Dags EMT 2013"]
[Site "Faxe"]
[Date "2013.05.08"]
[Round "5"]
[White "Brinkhard, Anders"]
[Black "Hansen, Aage"]
[Result "0-1"]
[WhiteElo "1518"]
[BlackElo "1606"]
[PlyCount "100"]
[EventDate "2013.??.??"]

1. Nf3 e6 2. c3 d5 3. d4 Nf6 4. h3 c5 5. Bf4 Nc6 6. e3 Bd7 7. Nbd2 Rc8 8. Ne5
Qb6 9. Qb3 Be7 10. Qxb6 axb6 11. Nxc6 Bxc6 12. Be2 c4 13. O-O b5 14. a3 Nd7 15.
Nf3 f6 16. Bd1 g5 17. Bh2 h5 18. Nd2 f5 19. f4 g4 20. Kh1 Kf7 21. a4 Ra8 22. b3
bxa4 23. bxa4 b5 24. Bc2 bxa4 25. Rfb1 a3 26. Rc1 Rhb8 27. Rcb1 Rxb1+ 28. Rxb1
Bd8 29. Ra1 a2 30. hxg4 hxg4 31. g3 Ba5 32. Rxa2 Bxc3 33. Rxa8 Bxa8 34. Nf1 Be1
35. Kg2 Bc6 36. Bg1 Nb6 37. Bf2 Bb4 38. Nh2 Ba4 39. Bxa4 Nxa4 40. Kf1 c3 41.
Be1 c2 42. Bxb4 c1=Q+ 43. Be1 Nb2 44. Ke2 Qd1+ 45. Kf2 Nd3+ 46. Kg2 Nxe1+ 47.
Kf2 Nd3+ 48. Kg2 Qe2+ 49. Kh1 Ne1 50. Nxg4 Qg2# 0-1